00262nam a2200109Ia 4500008004100000100002400041245002900065260002000094650001400114942000700128999001700135190216s9999||||xx |||||||||||||| ||und|| aMadhavan Vallachira 0aMadangivaratha Vasantham bReegal Panchami aMalayalam cBK c25678d25678